000 00895cad a22002055a 4500
001 E154936
008 120206s2012 xxk f s000 0 eng d
020 _a9781780456058
035 _a(Sirsi) u154936
041 0 _aeng
110 2 _aScotland
_bScottish Government
_95344
245 0 0 _aAffordable rented housing
_bcreating flexibility for landlords and better outcomes for communities
_h[electronic resource]
260 _aEdinburgh
_bScottish Government
_c2012
520 _aSeeks views on proposals to give social landlords flexibility in choosing tenants, fo example by being able to consider their income. Deadline for comments is 30 April 2012.
590 _aKA
651 4 _aScotland
_y1999-
690 _aAffordable housing
_96215
856 4 0 _uhttps://www.scotland.gov.uk/Publications/2012/02/9972/downloads
_zView the consultation free of charge at www.scotland.gov.uk
942 _n0
999 _c113247
_d113247